000 00919nam a2200217Ia 4500
001 12816
003 GE_BSU
008 181216s||||||||xx |||||||||||||| ||und||
040 _cGE_BSU
080 _a634.8
100 _aМампория,Ф.П.
245 _aОсобенности воспроизведения роста,развития и формообразования цитрусовых и некоторых других померанцевых
245 _cРед.Л.Л.Декарелевич
260 _aТбилиси
260 _bГосиздат Грузинск. ССР
260 _c1951
300 _a324стр.20см.
300 _cБиблиогр.с.311-324
653 _aОсобенности воспроизведения роста,развития и формообразования цитрусовых и некоторых других померанцевых
942 _cBK
999 _c45987
_d45987